New Physics with new experiments (Record no. 11301)

MARC details
000 -LEADER
fixed length control field 00975nam a2200253Ia 4500
003 - CONTROL NUMBER IDENTIFIER
control field IN-BaIIA
008 - FIXED-LENGTH DATA ELEMENTS--GENERAL INFORMATION
fixed length control field 211028s9999 xx 000 0 eng d
020 ## - INTERNATIONAL STANDARD BOOK NUMBER
International Standard Book Number 981-02-1684-X
040 ## - CATALOGING SOURCE
Transcribing agency IIA Library
080 ## - UNIVERSAL DECIMAL CLASSIFICATION NUMBER
Universal Decimal Classification number 53(082.1)
Item number NEW
111 ## - MAIN ENTRY--MEETING NAME
Meeting name or jurisdiction name as entry element Kazimierz Meeting on Elementary pticle Physics
Number of part/section/meeting 16th
Location of meeting Kazimierz
Date of meeting or treaty signing 1993 May 24-28
9 (RLIN) 19379
245 #0 - TITLE STATEMENT
Title New Physics with new experiments
Remainder of title proceedings of XVI Kazimierz meeting on elementary pt.icle Physics, held in Kazimierz, Poland, 24-28 May 1993
Statement of responsibility, etc. edited by Z. Ajduk..[et.al]
260 ## - PUBLICATION, DISTRIBUTION, ETC.
Place of publication, distribution, etc. Singapore
Name of publisher, distributor, etc. World Scientific
Date of publication, distribution, etc. 1994
300 ## - PHYSICAL DESCRIPTION
Extent [various pagings.]
650 ## - SUBJECT ADDED ENTRY--TOPICAL TERM
Topical term or geographic name entry element Astronomy and Astrophysics thesaurus
650 ## - SUBJECT ADDED ENTRY--TOPICAL TERM
Topical term or geographic name entry element Cosmology
650 ## - SUBJECT ADDED ENTRY--TOPICAL TERM
Topical term or geographic name entry element Neutrino Physics
9 (RLIN) 15442
650 ## - SUBJECT ADDED ENTRY--TOPICAL TERM
Topical term or geographic name entry element Physics
9 (RLIN) 73
650 ## - SUBJECT ADDED ENTRY--TOPICAL TERM
Topical term or geographic name entry element pticle Physics
9 (RLIN) 2818
700 ## - ADDED ENTRY--PERSONAL NAME
Personal name Ajduk, Z., ed.
9 (RLIN) 19380
700 ## - ADDED ENTRY--PERSONAL NAME
Personal name Pokorski, S., ed.
9 (RLIN) 19381
700 ## - ADDED ENTRY--PERSONAL NAME
Personal name Wroblewski, A. K., ed.
9 (RLIN) 19382
942 ## - ADDED ENTRY ELEMENTS (KOHA)
Koha item type Books
Holdings
Withdrawn status Lost status Damaged status Not for loan Home library Current library Shelving location Date acquired Cost, normal purchase price Total Checkouts Full call number Barcode Date last seen Cost, replacement price Price effective from Koha item type Purchase Price
        IIA Library-Bangalore IIA Library-Bangalore General Stacks 20/03/1995 2780.80   53(082.1)/ NEW 12216 05/11/2021 2780.80 20/03/1995 Books Rs. 2780.80

Powered by Koha